[Event "World Junior Championship 2015"]
[Site "Khanty-Mansiysk RUS"]
[Date "2015.09.12"]
[Round "10"]
[White "Bida, Mihai-Eugen"]
[Black "Goryachkina, Aleksandra"]
[Result "1-0"]
[WhiteElo "2394"]
[BlackElo "2497"]
[PlyCount "111"]
[EventDate "2015.09.02"]

1. c4 c5 2. Nf3 Nc6 3. d4 cxd4 4. Nxd4 g6 5. e4 Bg7 6. Be3 Nf6 7. Nc3 d6 8. Be2
O-O 9. O-O Nd7 10. Qd2 Nc5 11. f4 Nxd4 12. Bxd4 e5 13. Be3 exf4 14. Bxf4 Re8
15. Bf3 Be6 16. b3 a6 17. Rac1 Qb6 18. Qxd6 Qxd6 19. Bxd6 Nd3 20. Rc2 Bd4+ 21.
Kh1 Red8 22. e5 Ra7 23. Rd2 Bxc3 24. Rxd3 Bxe5 25. Rfd1 Bxd6 26. Rxd6 Rxd6 27.
Rxd6 Kf8 28. Rb6 Bc8 29. b4 Ke7 30. Kg1 Be6 31. a4 Bxc4 32. a5 Kd7 33. Bxb7 Kc7
34. Bf3 Kd8 35. Kf2 Re7 36. Bb7 Re6 37. Rxe6 fxe6 38. Ke3 Kc7 39. Bf3 Kd6 40.
g3 Ke5 41. Be4 Bb5 42. h4 Bf1 43. g4 Bb5 44. g5 Bc4 45. Bf3 Bb5 46. Be4 Bc4 47.
Bc6 Kd6 48. Bf3 Bf1 49. Kd4 Bb5 50. h5 e5+ 51. Ke3 gxh5 52. Bxh5 Bc4 53. Bf3
Kc7 54. Be4 Bg8 55. Bd3 Kb7 56. Ke4 1-0

[Event "World Cup (tie-break) 2015"]
[Site "Baku AZE"]
[Date "2015.09.14"]
[Round "1"]
[White "Leitao, Rafael"]
[Black "Hou, Yifan"]
[Result "1/2-1/2"]
[WhiteElo "2632"]
[BlackElo "2671"]
[PlyCount "76"]
[EventDate "2015.09.11"]

1. d4 Nf6 2. c4 e6 3. Nc3 Bb4 4. e3 O-O 5. Nge2 d5 6. a3 Be7 7. cxd5 exd5 8.
Nf4 c6 9. Bd3 Na6 10. O-O Nc7 11. f3 b6 12. Bd2 c5 13. Be1 Bb7 14. Qd2 c4 15.
Bc2 b5 16. e4 a5 17. e5 Nd7 18. Nce2 f6 19. e6 Nb6 20. Bf5 g6 21. Nxg6 hxg6 22.
Qh6 gxf5 23. Qg6+ Kh8 24. f4 Qe8 25. Qh6+ Kg8 26. Rf3 Nxe6 27. Rg3+ Ng5 28.
fxg5 fxg5 29. Bd2 Qc6 30. Qh5 g4 31. Rf1 Qe8 32. Qh6 Rf6 33. Rxg4+ fxg4 34.
Rxf6 Bxf6 35. Qxf6 Qxe2 36. Qg6+ Kh8 37. Qh6+ Kg8 38. Qg6+ Kh8 1/2-1/2

[Event "World Junior Championship 2015"]
[Site "Khanty-Mansiysk RUS"]
[Date "2015.09.15"]
[Round "13"]
[White "Goryachkina, Aleksandra"]
[Black "Isaev, Chyngyz"]
[Result "1-0"]
[WhiteElo "2497"]
[BlackElo "2163"]
[PlyCount "101"]
[EventDate "2015.09.02"]

1. d4 d5 2. c4 e6 3. Nf3 Nf6 4. g3 Be7 5. Bg2 O-O 6. O-O dxc4 7. Ne5 c5 8. dxc5
Bxc5 9. Nxc4 Qe7 10. Nbd2 Rd8 11. Qc2 a6 12. Nb3 Ba7 13. Be3 Bxe3 14. Nxe3 e5
15. Rac1 Be6 16. Na5 Ra7 17. Qc7 Qxc7 18. Rxc7 Ne8 19. Rc2 b6 20. Nac4 Nd7 21.
Rd2 Rc8 22. b3 Kf8 23. Rfd1 b5 24. Na5 Nb8 25. f4 exf4 26. gxf4 Nf6 27. Bb7 Re8
28. Rd8 Bd7 29. Rxe8+ Kxe8 30. Nd5 Nxd5 31. Rxd5 Be6 32. Rc5 f5 33. Kf2 Ke7 34.
Ke3 Kd6 35. Kd4 h6 36. h4 g6 37. Rc1 Bd7 38. Rg1 Be8 39. h5 gxh5 40. Rg8 Ke7
41. Rh8 Kd7 42. Kc5 Ke7 43. Kb6 Rxb7+ 44. Kxb7 Nd7 45. Nc6+ Kf7 46. Ne5+ Nxe5
47. fxe5 a5 48. Kb6 a4 49. e6+ Ke7 50. Kc5 f4 51. Rxh6 1-0

[Event "1st Women FIDE GP Series 2015/16"]
[Site "Monaco MNC"]
[Date "2015.10.03"]
[Round "1"]
[White "Khademalsharieh, Sarasadat"]
[Black "Muzychuk, Anna"]
[Result "1/2-1/2"]
[WhiteElo "2397"]
[BlackElo "2549"]
[PlyCount "40"]
[EventDate "2015.10.03"]

1. d4 Nf6 2. c4 e6 3. Nf3 b6 4. g3 Ba6 5. Qa4 Bb7 6. Bg2 c5 7. dxc5 bxc5 8. O-O
Be7 9. Nc3 O-O 10. Rd1 Qb6 11. Bf4 Rd8 12. Rd2 Nc6 13. Rad1 Na5 14. b3 d5 15.
cxd5 exd5 16. Qa3 Re8 17. Na4 Qb5 18. Nc3 Qb6 19. Na4 Qb5 20. Nc3 Qb6 1/2-1/2

[Event "1st Women FIDE GP Series 2015/16"]
[Site "Monaco MNC"]
[Date "2015.10.03"]
[Round "1"]
[White "Zhukova, Natalia"]
[Black "Dzagnidze, Nana"]
[Result "1/2-1/2"]
[WhiteElo "2482"]
[BlackElo "2573"]
[PlyCount "39"]
[EventDate "2015.10.03"]

1. Nf3 c5 2. c4 Nc6 3. d4 cxd4 4. Nxd4 g6 5. e4 Nf6 6. Nc3 d6 7. Be2 Nxd4 8.
Qxd4 Bg7 9. Be3 O-O 10. Qd2 Be6 11. Rc1 Qa5 12. f3 Rfc8 13. b3 a6 14. Na4 Qxd2+
15. Kxd2 Nd7 16. f4 Rab8 17. Ba7 Ra8 18. Be3 Rab8 19. Ba7 Ra8 20. Be3 1/2-1/2

[Event "1st Women FIDE GP Series 2015/16"]
[Site "Monaco MNC"]
[Date "2015.10.03"]
[Round "1"]
[White "Kosteniuk, Alexandra"]
[Black "Skripchenko, Almira"]
[Result "1/2-1/2"]
[WhiteElo "2530"]
[BlackElo "2441"]
[PlyCount "61"]
[EventDate "2015.10.03"]

1. d4 Nf6 2. c4 e6 3. Nf3 b6 4. g3 Bb7 5. Bg2 Be7 6. O-O O-O 7. d5 exd5 8. Nh4
c6 9. cxd5 Nxd5 10. Nf5 Nc7 11. e4 d5 12. Nc3 Bf6 13. exd5 cxd5 14. Bf4 Nba6
15. Rc1 Qd7 16. Bh3 Ne6 17. Ne4 Bxb2 18. Rc2 Rad8 19. Rxb2 dxe4 20. Rd2 Qb5 21.
Rxd8 Rxd8 22. Qg4 Kh8 23. Nd6 Rxd6 24. Bxd6 Qc6 25. Rd1 e3 26. fxe3 Qh1+ 27.
Kf2 Qxh2+ 28. Ke1 Qg1+ 29. Ke2 Qh2+ 30. Ke1 Qg1+ 31. Ke2 1/2-1/2

[Event "1st Women FIDE GP Series 2015/16"]
[Site "Monaco MNC"]
[Date "2015.10.03"]
[Round "1"]
[White "Cramling, Pia"]
[Black "Hou, Yifan"]
[Result "0-1"]
[WhiteElo "2513"]
[BlackElo "2671"]
[PlyCount "80"]
[EventDate "2015.10.03"]

1. d4 Nf6 2. Nf3 e6 3. g3 b6 4. Bg2 Bb7 5. O-O g6 6. b3 Bg7 7. Bb2 O-O 8. Nbd2
c5 9. e3 d6 10. Qe2 Nc6 11. Rfd1 Qe7 12. c4 a5 13. a4 h6 14. Rac1 Rab8 15. Nb1
e5 16. d5 Nb4 17. e4 Nh7 18. Rf1 Rbe8 19. Na3 Bc8 20. Rce1 Ng5 21. Nc2 f5 22.
Nxg5 hxg5 23. Nxb4 axb4 24. h3 g4 25. hxg4 fxg4 26. Bc1 Bf6 27. Qd2 Rf7 28. f3
Rh7 29. fxg4 Bxg4 30. Bf3 Bd7 31. Bg2 Rh8 32. Rf2 Rf8 33. Bf1 Rh5 34. Qc2 Rf7
35. Rh2 Rxh2 36. Qxh2 Bg5 37. Be3 Rf3 38. Bf2 Rxb3 39. Bh3 Rf3 40. Qg2 Rc3 0-1

[Event "1st Women FIDE GP Series 2015/16"]
[Site "Monaco MNC"]
[Date "2015.10.03"]
[Round "1"]
[White "Koneru, Humpy"]
[Black "Pogonina, Natalija"]
[Result "1/2-1/2"]
[WhiteElo "2578"]
[BlackElo "2445"]
[PlyCount "112"]
[EventDate "2015.10.03"]

1. d4 Nf6 2. c4 e6 3. Nc3 Bb4 4. e3 O-O 5. Nge2 d5 6. a3 Be7 7. cxd5 exd5 8.
Nf4 c6 9. Bd3 a5 10. O-O Na6 11. Bc2 Nc7 12. f3 c5 13. Na4 cxd4 14. exd4 Ne6
15. Nxe6 Bxe6 16. Bd3 Bd7 17. Re1 Bd6 18. Bg5 Qc7 19. Bxf6 Bxh2+ 20. Kh1 Bxa4
21. Qxa4 gxf6 22. Re2 Bg3 23. Bf5 Qf4 24. Bh3 Ra6 25. Qd7 Qxd4 26. Qxb7 Rb6 27.
Qd7 Rxb2 28. Rxb2 Qxb2 29. Rd1 Be5 30. Qg4+ Kh8 31. f4 Bc7 32. Rxd5 Qxa3 33.
Rf5 Qa1+ 34. Kh2 Rg8 35. Qh4 Rg5 36. Rxg5 fxg5 37. Qxg5 a4 38. Qf5 Qd4 39. Qc8+
Bd8 40. Bd7 Qxf4+ 41. g3 Qg5 42. Bxa4 Kg7 43. Qd7 Bb6 44. Bb3 Qh5+ 45. Kg2 Qe2+
46. Kh3 Qf1+ 47. Kg4 h6 48. Qxf7+ Qxf7 49. Bxf7 Kxf7 50. Kh3 Kg6 51. g4 Kg5 52.
Kg2 Kh4 53. Kh2 Bc7+ 54. Kg2 Bd6 55. Kh1 Kh3 56. Kg1 Kxg4 1/2-1/2

[Event "Pokerstars International Open 2015"]
[Site "Douglas ENG"]
[Date "2015.10.03"]
[Round "1"]
[White "Harika, Dronavalli"]
[Black "Kolbus, Dietmar"]
[Result "1/2-1/2"]
[WhiteElo "2516"]
[BlackElo "2300"]
[PlyCount "73"]
[EventDate "2015.10.03"]

1. d4 Nf6 2. Nf3 g6 3. Bg5 Bg7 4. Nbd2 d5 5. e3 O-O 6. Bd3 c5 7. c3 b6 8. Qe2
Bb7 9. h4 h6 10. Bxf6 Bxf6 11. h5 g5 12. Ne5 Bxe5 13. dxe5 f5 14. exf6 exf6 15.
O-O-O Nc6 16. Bc2 Qc7 17. Nf1 Rad8 18. f4 Kh8 19. Qd3 d4 20. Qg6 Qg7 21. exd4
cxd4 22. Ng3 Bc8 23. fxg5 hxg5 24. Qxg7+ Kxg7 25. h6+ Kh8 26. Be4 Bg4 27. Bxc6
Bxd1 28. Rxd1 dxc3 29. bxc3 Rxd1+ 30. Kxd1 Rc8 31. Be4 Rxc3 32. Ne2 Ra3 33. Nc1
Re3 34. Bf5 Rg3 35. Be4 Re3 36. Bc2 Rg3 37. Be4 1/2-1/2

[Event "1st Women FIDE GP Series 2015/16"]
[Site "Monaco MNC"]
[Date "2015.10.04"]
[Round "2"]
[White "Khademalsharieh, Sarasadat"]
[Black "Zhukova, Natalia"]
[Result "1/2-1/2"]
[WhiteElo "2397"]
[BlackElo "2482"]
[PlyCount "63"]
[EventDate "2015.10.03"]

1. d4 Nf6 2. c4 c5 3. d5 b5 4. cxb5 a6 5. bxa6 g6 6. Nc3 Bg7 7. a7 Rxa7 8. e4
O-O 9. Nf3 d6 10. a4 Na6 11. h3 Nb4 12. Bb5 Ba6 13. Bxa6 Rxa6 14. O-O Qa8 15.
Bd2 Rc8 16. b3 Nxe4 17. Nxe4 Bxa1 18. Qxa1 Qxd5 19. Qb1 Rb8 20. Nc3 Qd3 21. Nb5
Qxb1 22. Rxb1 Nc6 23. Rc1 f6 24. Be3 Na5 25. Nd2 Kf7 26. f4 Nc6 27. Kf2 Nb4 28.
Kf3 Rc8 29. Ne4 Rb8 30. Nd2 Rc8 31. Ne4 Rb8 32. Nd2 1/2-1/2

[Event "1st Women FIDE GP Series 2015/16"]
[Site "Monaco MNC"]
[Date "2015.10.04"]
[Round "2"]
[White "Muzychuk, Anna"]
[Black "Pogonina, Natalija"]
[Result "0-1"]
[WhiteElo "2549"]
[BlackElo "2445"]
[PlyCount "94"]
[EventDate "2015.10.03"]

1. e4 e5 2. Nf3 Nc6 3. Bb5 a6 4. Ba4 Nf6 5. O-O Be7 6. Re1 b5 7. Bb3 d6 8. c3
O-O 9. d4 Bg4 10. Be3 exd4 11. cxd4 Na5 12. Bc2 Nc4 13. Bc1 c5 14. b3 Nb6 15.
Nbd2 Rc8 16. h3 Bh5 17. d5 Nfd7 18. g4 Bg6 19. Nf1 Bf6 20. Rb1 h6 21. Ng3 a5
22. Kg2 b4 23. h4 Ne5 24. h5 Nxf3 25. Qxf3 Bh7 26. Nf5 c4 27. Be3 cxb3 28. Bxb3
Nc4 29. Bxc4 Rxc4 30. Rbc1 Rc3 31. Rxc3 bxc3 32. Qe2 Bxf5 33. gxf5 Qc7 34. Rc1
Rb8 35. Qd3 Rb4 36. Kf3 a4 37. a3 Rb3 38. Rc2 Rb2 39. Bc1 Rxc2 40. Qxc2 Qc4 41.
Qe2 Qb3 42. Kg2 c2 43. Qa6 Qb1 44. Qc8+ Kh7 45. Be3 Qd1 46. Qc4 Bg5 47. f4 Qg4+
0-1

[Event "1st Women FIDE GP Series 2015/16"]
[Site "Monaco MNC"]
[Date "2015.10.04"]
[Round "2"]
[White "Skripchenko, Almira"]
[Black "Cramling, Pia"]
[Result "0-1"]
[WhiteElo "2441"]
[BlackElo "2513"]
[PlyCount "134"]
[EventDate "2015.10.03"]

1. e4 c5 2. Nf3 Nc6 3. Bb5 e5 4. Nc3 Bd6 5. Bc4 Nf6 6. d3 h6 7. a4 Bc7 8. O-O
O-O 9. h3 Ne7 10. Be3 b6 11. a5 Bb7 12. Re1 d5 13. exd5 Nfxd5 14. Bd2 Ng6 15.
Nxd5 Bxd5 16. Bxd5 Qxd5 17. axb6 axb6 18. Rxa8 Rxa8 19. Bc3 f6 20. Nd2 Nf4 21.
Qg4 h5 22. Qf3 Qxf3 23. Nxf3 Ra2 24. Bd2 Rxb2 25. Bxf4 exf4 26. Re7 Bd6 27. Rd7
Be5 28. c4 Bc3 29. g3 fxg3 30. fxg3 g5 31. g4 h4 32. Kf1 Kf8 33. Rb7 Ke8 34.
Ra7 Kd8 35. Ra3 Rc2 36. Ra7 Kc8 37. Re7 Rc1+ 38. Kg2 Rd1 39. Re6 Kc7 40. Re7+
Kd6 41. Re8 Kd7 42. Re3 Kc6 43. Re6+ Kb7 44. Re7+ Ka6 45. Rd7 b5 46. cxb5+ Kxb5
47. Rd8 Kc6 48. Kf2 Ba1 49. Rc8+ Kb6 50. Rb8+ Kc7 51. Rb3 Kc6 52. Kg2 Kd5 53.
Ra3 Bd4 54. Rb3 Be3 55. Ra3 Bf4 56. Rb3 Bg3 57. Ra3 Be5 58. Rb3 Ra1 59. Kf2
Ra2+ 60. Kg1 Bd4+ 61. Nxd4 Kxd4 62. Rb6 Kxd3 63. Rxf6 c4 64. Rd6+ Ke3 65. Rc6
Rc2 66. Rc5 c3 67. Rxg5 Rd2 0-1

[Event "1st Women FIDE GP Series 2015/16"]
[Site "Monaco MNC"]
[Date "2015.10.04"]
[Round "2"]
[White "Dzagnidze, Nana"]
[Black "Muzychuk, Mariya"]
[Result "0-1"]
[WhiteElo "2573"]
[BlackElo "2528"]
[PlyCount "40"]
[EventDate "2015.10.03"]

1. d4 Nf6 2. c4 g6 3. Nc3 d5 4. Bf4 Bg7 5. e3 O-O 6. Rc1 c5 7. dxc5 Be6 8. Nf3
Nc6 9. Ng5 Bg4 10. f3 e5 11. Bg3 d4 12. Nb5 h6 13. exd4 exd4 14. fxg4 hxg5 15.
Bd3 Re8+ 16. Kf2 Nb4 17. Bb1 d3 18. Rf1 Ne4+ 19. Kg1 Nxg3 20. hxg3 Bd4+ 0-1

[Event "Pokerstars International Open 2015"]
[Site "Douglas ENG"]
[Date "2015.10.04"]
[Round "2"]
[White "Greet, Andrew N"]
[Black "Harika, Dronavalli"]
[Result "0-1"]
[WhiteElo "2455"]
[BlackElo "2516"]
[PlyCount "129"]
[EventDate "2015.09.02"]

1. d4 d5 2. c4 c6 3. Nf3 Nf6 4. e3 Bg4 5. Qb3 Qb6 6. Nc3 e6 7. Nh4 Bh5 8. h3 g5
9. Nf3 h6 10. Ne5 Nfd7 11. Nd3 Na6 12. Bd2 Bg7 13. Be2 Bxe2 14. Nxe2 e5 15.
cxd5 Qxb3 16. axb3 cxd5 17. Ng3 exd4 18. Nf5 O-O 19. exd4 Rfe8+ 20. Kd1 Re6 21.
h4 f6 22. b4 Nc7 23. Nc5 Nxc5 24. bxc5 Nb5 25. Rh3 a6 26. Re3 Rxe3 27. fxe3 Bf8
28. Ke2 Kf7 29. g4 Re8 30. Kf3 gxh4 31. Rh1 Nc7 32. Rxh4 Ne6 33. Nxh6+ Bxh6 34.
Rxh6 Ng5+ 35. Kf4 Ne6+ 36. Kf5 Ng7+ 37. Kf4 Ne6+ 38. Kg3 Ng5 39. Rh2 Kg6 40. b4
f5 41. gxf5+ Kxf5 42. Kf2 Re7 43. Ke2 Rh7 44. Rf2+ Ke6 45. Rg2 Ne4 46. Be1 Kd7
47. Rg6 Rh2+ 48. Kf3 Rh1 49. Rg7+ Kc8 50. Bg3 Rf1+ 51. Ke2 Rb1 52. Rc7+ Kd8 53.
Be5 Rxb4 54. Kf3 Rb2 55. Kg4 Rg2+ 56. Kh4 Rb2 57. Kg4 Rg2+ 58. Kh5 Rb2 59. Kg6
a5 60. Kf5 a4 61. Rg7 a3 62. Ke6 Ke8 63. Rg1 Kf8 64. Bf4 a2 65. Bd6+ 0-1

[Event "1st Women FIDE GP Series 2015/16"]
[Site "Monaco MNC"]
[Date "2015.10.05"]
[Round "3"]
[White "Koneru, Humpy"]
[Black "Skripchenko, Almira"]
[Result "1-0"]
[WhiteElo "2578"]
[BlackElo "2441"]
[PlyCount "59"]
[EventDate "2015.10.03"]

1. d4 Nf6 2. c4 e6 3. Nf3 b6 4. g3 Bb4+ 5. Nbd2 Bb7 6. Bg2 c5 7. a3 Bxd2+ 8.
Bxd2 cxd4 9. O-O Bxf3 10. Bxf3 Nc6 11. Bf4 O-O 12. Bd6 Re8 13. b4 e5 14. b5 Na5
15. Bxa8 Qxa8 16. Rc1 Nb7 17. Bb4 d6 18. e3 dxe3 19. fxe3 Re6 20. Qf3 h6 21.
Rc2 Qc8 22. Rd1 Nc5 23. Qc6 Qb8 24. Bxc5 dxc5 25. Rcd2 Re8 26. Rd6 e4 27. Rxf6
gxf6 28. Qxf6 Qc8 29. Qxh6 Qg4 30. Rd5 1-0

[Event "1st Women FIDE GP Series 2015/16"]
[Site "Monaco MNC"]
[Date "2015.10.05"]
[Round "3"]
[White "Pogonina, Natalija"]
[Black "Hou, Yifan"]
[Result "0-1"]
[WhiteElo "2445"]
[BlackElo "2671"]
[PlyCount "164"]
[EventDate "2015.10.03"]

1. e4 c5 2. Nf3 e6 3. d4 cxd4 4. Nxd4 a6 5. Be2 Nf6 6. Nc3 Qc7 7. O-O Bb4 8.
Bg5 Nc6 9. Nxc6 bxc6 10. Qd4 Bd6 11. f4 e5 12. Qd2 exf4 13. Bxf4 Bxf4 14. Rxf4
d6 15. Rd1 Ke7 16. Rf3 Be6 17. Rg3 Rhg8 18. Kh1 h6 19. Qd4 c5 20. Qd2 Rab8 21.
b3 Rb4 22. Rd3 Rb6 23. Bf3 Nd7 24. a4 c4 25. bxc4 Ne5 26. a5 Rc6 27. Nd5+ Bxd5
28. Rxd5 Nxc4 29. Qd4 Ne5 30. Be2 Rb8 31. h3 f6 32. Bf1 h5 33. Kg1 Rb7 34. Kh1
Qb8 35. Be2 Rb2 36. Bd3 h4 37. Qe3 Rb1 38. Qg1 Rxd1 39. Qxd1 Qb2 40. Kh2 g6 41.
Qg1 Nxd3 42. Qa7+ Ke6 43. Qa8 Kd7 44. Qa7+ Kc8 45. Rxd3 Qe5+ 46. Kh1 Qxa5 47.
Rb3 Rc7 48. Qa8+ Kd7 49. Qf8 Qa1+ 50. Kh2 Qe5+ 51. Kh1 Qe7 52. Qa8 Rxc2 53.
Rb7+ Rc7 54. Rxc7+ Kxc7 55. Qa7+ Kd8 56. Qxa6 Qc7 57. Qa3 Ke7 58. Qe3 Qa5 59.
Qd4 Ke6 60. Qe3 Ke5 61. Qf2 Qc3 62. Qa7 Qe1+ 63. Kh2 Qxe4 64. Qe7+ Kf5 65. Qd7+
Qe6 66. Qh7 Kg5 67. Qc7 Qe5+ 68. Kh1 Qe1+ 69. Kh2 d5 70. Qd7 Qe4 71. Qc6 Qe5+
72. Kh1 d4 73. Qc1+ Kh5 74. Qd1+ Kh6 75. Qc1+ Qe3 76. Qf1 Kg7 77. Qa1 d3 78.
Qc3 Qe4 79. Kg1 g5 80. Kh1 Qd5 81. Qd2 Qd4 82. Qd1 d2 0-1

[Event "1st Women FIDE GP Series 2015/16"]
[Site "Monaco MNC"]
[Date "2015.10.05"]
[Round "3"]
[White "Zhukova, Natalia"]
[Black "Muzychuk, Anna"]
[Result "1/2-1/2"]
[WhiteElo "2482"]
[BlackElo "2549"]
[PlyCount "70"]
[EventDate "2015.10.03"]

1. Nf3 d5 2. d4 Nf6 3. c4 c6 4. Nc3 e6 5. Bg5 h6 6. Bxf6 Qxf6 7. e3 Nd7 8. Be2
Qd8 9. O-O Be7 10. e4 dxe4 11. Nxe4 c5 12. dxc5 Nxc5 13. Qxd8+ Kxd8 14. Ne5 Rf8
15. Rad1+ Kc7 16. Nc3 a6 17. Bh5 g6 18. Bf3 Bf6 19. Rfe1 Rb8 20. b4 Nd7 21.
Nxd7 Bxd7 22. Rc1 Rfd8 23. b5 Be8 24. a4 Bg5 25. Rc2 Rd2 26. Re2 Rxe2 27. Bxe2
Be7 28. c5 axb5 29. axb5 Bxc5 30. Ne4 b6 31. h4 f5 32. Nxc5 bxc5 33. Rxc5+ Kd6
34. Rc3 Bxb5 35. Rb3 Kc5 1/2-1/2

[Event "1st Women FIDE GP Series 2015/16"]
[Site "Monaco MNC"]
[Date "2015.10.05"]
[Round "3"]
[White "Muzychuk, Mariya"]
[Black "Khademalsharieh, Sarasadat"]
[Result "1/2-1/2"]
[WhiteElo "2528"]
[BlackElo "2397"]
[PlyCount "93"]
[EventDate "2015.10.03"]

1. d4 Nf6 2. c4 e6 3. g3 d5 4. Bg2 Bb4+ 5. Bd2 Bd6 6. Nf3 c6 7. O-O Nbd7 8. Qc2
O-O 9. Rd1 Qe7 10. Bg5 h6 11. Bxf6 Nxf6 12. Nbd2 Bd7 13. Ne5 Rfd8 14. c5 Bc7
15. f4 Be8 16. a4 Nd7 17. Ra3 Nxe5 18. fxe5 f6 19. exf6 Qxf6 20. Nf3 Bg6 21.
Qb3 Rab8 22. Qe3 Be4 23. Rf1 Qe7 24. Nh4 Bh7 25. Bh3 e5 26. Bf5 e4 27. Raa1 Rf8
28. Rf2 Rf6 29. Raf1 Rbf8 30. b4 Bxf5 31. Rxf5 Rxf5 32. Rxf5 Rxf5 33. Nxf5 Qe6
34. Qf2 a6 35. Kg2 Qf6 36. h3 Qe6 37. Ne3 g6 38. Ng4 Kg7 39. Qe3 h5 40. Qh6+
Kg8 41. Ne3 Qf6 42. b5 Ba5 43. bxa6 bxa6 44. g4 Qg7 45. Qxg7+ Kxg7 46. gxh5
gxh5 47. Nf5+ 1/2-1/2

[Event "1st Women FIDE GP Series 2015/16"]
[Site "Monaco MNC"]
[Date "2015.10.05"]
[Round "3"]
[White "Kosteniuk, Alexandra"]
[Black "Dzagnidze, Nana"]
[Result "1-0"]
[WhiteElo "2530"]
[BlackElo "2573"]
[PlyCount "107"]
[EventDate "2015.10.03"]

1. e4 c5 2. Nf3 Nc6 3. d4 cxd4 4. Nxd4 g6 5. c4 Nf6 6. Nc3 d6 7. Nc2 Bg7 8. Be2
O-O 9. O-O Nd7 10. Bd2 Nc5 11. f3 f5 12. b4 Ne6 13. exf5 gxf5 14. Rc1 Bd7 15.
Nd5 Rc8 16. Qe1 Ne5 17. Qh4 Rf7 18. Be3 b6 19. f4 Nxc4 20. Bh5 Rf6 21. Nxf6+
Bxf6 22. Qh3 Kh8 23. Bg6 Qg8 24. Bxf5 Nxe3 25. Nxe3 Rxc1 26. Rxc1 Nd4 27. Qh5
Nxf5 28. Nxf5 Qe6 29. g4 Qxa2 30. g5 Qg8 31. g6 Be6 32. Rc7 Bxf5 33. Qxf5 hxg6
34. Qh3+ Kg7 35. Rc8 Qh7 36. Qxh7+ Kxh7 37. b5 Kg7 38. Kg2 Kf7 39. Kf3 Ke6 40.
Kg4 d5 41. Rd8 d4 42. h3 Kf7 43. Kf3 e5 44. Rd6 Be7 45. Rc6 exf4 46. Kxf4 Bc5
47. Ke4 Kg7 48. Kd3 Kh6 49. Rc7 Kg5 50. Rxa7 Kf5 51. Rc7 Ke5 52. h4 Bd6 53. Rc6
Kd5 54. Rxb6 1-0

[Event "Pokerstars International Open 2015"]
[Site "Douglas ENG"]
[Date "2015.10.05"]
[Round "3"]
[White "Harika, Dronavalli"]
[Black "Afek, Yochanan"]
[Result "1-0"]
[WhiteElo "2516"]
[BlackElo "2252"]
[PlyCount "163"]
[EventDate "2015.10.03"]

1. c4 Nf6 2. Nc3 g6 3. Nf3 Bg7 4. e4 c5 5. d4 cxd4 6. Nxd4 Nc6 7. Be3 O-O 8.
Be2 d6 9. O-O Bd7 10. Nc2 a6 11. f3 Rc8 12. Rc1 Ne5 13. Na3 Be6 14. Na4 Ned7
15. Qd2 Nc5 16. Nc3 Qa5 17. Nc2 Ncd7 18. b3 b5 19. Nd4 b4 20. Nd5 Bxd5 21. exd5
Nb8 22. a3 Rfe8 23. axb4 Qc7 24. b5 axb5 25. cxb5 Qd7 26. Rxc8 Qxc8 27. Bc4 Qb7
28. Nc6 Nbd7 29. Re1 Nb6 30. Bg5 h6 31. Bh4 Kh7 32. Kh1 Nc8 33. Bf2 Nd7 34. Qf4
Nf6 35. Bd4 Rf8 36. Qe3 Ng8 37. Bxg7 Kxg7 38. h4 h5 39. Qd4+ Nf6 40. Kh2 Re8
41. Ra1 Kg8 42. Re1 Kg7 43. Ra1 Kg8 44. Ra6 Nd7 45. b4 Ndb6 46. Bd3 Qc7 47. Ra1
e5 48. dxe6 Rxe6 49. Kg1 d5 50. Bf1 Kh7 51. Rd1 Ne7 52. Nxe7 Qxe7 53. Rc1 Qd7
54. Qf4 Re7 55. Rc6 Nc8 56. Kh2 Na7 57. Rd6 Qb7 58. Rd8 Re6 59. Qb8 Qe7 60.
Rh8+ Kg7 61. Qg8+ Kf6 62. Qd8 Ke5 63. Qb8+ Kd4 64. Qf4+ Kc3 65. Qc1+ Kb3 66.
Qb1+ Ka3 67. Qd3+ Ka4 68. Qd1+ Ka3 69. Ra8 Qc7+ 70. Kh1 Re7 71. Qd4 Qb7 72.
Qc3+ Ka4 73. Rd8 Nxb5 74. Bxb5+ Kxb5 75. Qc5+ Ka4 76. b5 Rc7 77. Qxd5 Rc1+ 78.
Kh2 Qc7+ 79. Rd6 Re1 80. b6 Qb8 81. f4 Rb1 82. Qa2+ 1-0

[Event "1st Women FIDE GP Series 2015/16"]
[Site "Monaco MNC"]
[Date "2015.10.06"]
[Round "4"]
[White "Dzagnidze, N."]
[Black "Cramling, P."]
[Result "1/2-1/2"]
[WhiteElo "2573"]
[BlackElo "2513"]
[PlyCount "192"]
[EventDate "2015.10.03"]

1. d4 Nf6 2. c4 e6 3. Nf3 d5 4. Nc3 dxc4 5. Qa4+ c6 6. Qxc4 b5 7. Qd3 Nbd7 8.
e4 b4 9. Na4 Bb7 10. Bg5 Qa5 11. b3 c5 12. Bxf6 gxf6 13. dxc5 Bc6 14. Nd2 Bxa4
15. bxa4 Qxc5 16. Rd1 Qc3 17. Qa6 Bh6 18. Bb5 Ke7 19. Bxd7 Rhd8 20. O-O Rxd7
21. Nb3 Rad8 22. Rxd7+ Rxd7 23. Qb5 Bf4 24. g3 Bd6 25. Qe2 Qc6 26. a5 Be5 27.
Qe3 Qc3 28. Qe2 Qc6 29. Rc1 Bc3 30. Qe3 Qd6 31. Qe2 Qe5 32. Kf1 f5 33. exf5
Qxf5 34. Kg1 Qd5 35. Qg4 h5 36. Qf4 Qb5 37. Qe4 Rd5 38. Qh4+ Ke8 39. Qf4 Rd7
40. Qe4 Rd5 41. Qe3 Rd7 42. Qf3 Qd5 43. Qe3 Qb5 44. Qf3 Qd5 45. Qf4 Qb5 46. Qe4
Qd5 47. Qe2 h4 48. gxh4 Rd8 49. f3 Ke7 50. Kh1 Qf5 51. Rd1 Rxd1+ 52. Qxd1 Qh3
53. Nc5 Bd4 54. Nd3 Bc3 55. Nc5 Bd4 56. Nd3 Bc3 57. Qe2 Qf5 58. a6 Qb5 59. h5
Qxa6 60. h6 Qb5 61. Qe4 Qd5 62. h7 Qxe4 63. fxe4 Kf8 64. Nxb4 Kg7 65. Nc6 a6
66. Nd8 Kxh7 67. Nxf7 Kg6 68. Nd8 Kf6 69. Nc6 Kg5 70. Nd8 Kf4 71. Nxe6+ Kxe4
72. Nc5+ Kd5 73. Nxa6 Be5 74. h4 Kc4 75. a4 Bh8 76. Kg2 Kb3 77. Kf3 Kxa4 78.
Nc7 Kb4 79. Ne6 Kb5 80. Ke4 Kc6 81. Kf5 Kd7 82. h5 Ke7 83. h6 Bb2 84. Ng5 Ba1
85. Kg6 Bb2 86. Ne4 Bc1 87. h7 Bb2 88. Ng3 Bh8 89. Nh5 Ke6 90. Ng3 Ke7 91. Ne4
Ke6 92. Ng5+ Ke7 93. Nf7 Bb2 94. Nh6 Ke6 95. Nf5 Bh8 96. Ng7+ Ke7 1/2-1/2

[Event "1st Women FIDE GP Series 2015/16"]
[Site "Monaco MNC"]
[Date "2015.10.06"]
[Round "4"]
[White "Khademalsharieh, S."]
[Black "Kosteniuk, A."]
[Result "0-1"]
[WhiteElo "2397"]
[BlackElo "2530"]
[PlyCount "86"]
[EventDate "2015.10.03"]

1. d4 Nf6 2. c4 e6 3. Nf3 d5 4. Nc3 c5 5. cxd5 Nxd5 6. e4 Nxc3 7. bxc3 cxd4 8.
cxd4 Bb4+ 9. Bd2 Bxd2+ 10. Qxd2 O-O 11. Bc4 Nd7 12. O-O b6 13. Rfe1 Bb7 14.
Rad1 Rc8 15. Bd3 h6 16. Bb1 Qc7 17. d5 Rfd8 18. dxe6 fxe6 19. Nd4 Nf8 20. f4
Qc5 21. Qf2 Rd7 22. Nb3 Qxf2+ 23. Kxf2 a5 24. Rd4 Rc3 25. Rxd7 Nxd7 26. Rc1
Rxc1 27. Nxc1 Nf6 28. Kf3 Kf7 29. h3 Nd7 30. Ke3 e5 31. g3 Ke6 32. Nd3 Kd6 33.
fxe5+ Nxe5 34. Kd4 Nc6+ 35. Ke3 Bc8 36. h4 Be6 37. Kf4 a4 38. Ke3 b5 39. Kd2 b4
40. Bc2 a3 41. e5+ Ke7 42. Kc1 Bxa2 43. Ba4 Bc4 0-1

[Event "1st Women FIDE GP Series 2015/16"]
[Site "Monaco MNC"]
[Date "2015.10.06"]
[Round "4"]
[White "Zhukova, N."]
[Black "Muzychuk, M."]
[Result "0-1"]
[WhiteElo "2482"]
[BlackElo "2528"]
[PlyCount "114"]
[EventDate "2015.10.03"]

1. Nf3 Nf6 2. c4 g6 3. Nc3 d5 4. cxd5 Nxd5 5. Qa4+ Nc6 6. Ne5 Qd6 7. Nxc6 Qxc6
8. Qxc6+ bxc6 9. b3 Nxc3 10. Bb2 Ne4 11. Bxh8 f6 12. h4 Bh6 13. e3 Nd6 14. Bd3
Bf5 15. Bxf5 gxf5 16. Bxf6 exf6 17. Rc1 Kd7 18. Ke2 a5 19. Rc2 f4 20. Rhc1 Ra6
21. Rc5 f5 22. Kf3 fxe3 23. dxe3 Bg7 24. Rd1 Ke6 25. Rdc1 Kd7 26. g4 fxg4+ 27.
Kxg4 a4 28. Kf3 axb3 29. axb3 Rb6 30. Rg1 Ne8 31. Rcg5 Bf8 32. Rf5 Ke7 33. Rg4
Nd6 34. Rh5 h6 35. b4 Rb5 36. Rc5 Rxc5 37. bxc5 Nb7 38. Rg6 Nxc5 39. Rxc6 Ne6
40. Ke4 Kd7 41. Kd5 Bd6 42. Rc1 Ng7 43. Rg1 Nf5 44. h5 Ne7+ 45. Ke4 Ke6 46. f4
Bc5 47. Kf3 Nf5 48. Rc1 Bb6 49. e4 Nd4+ 50. Kg4 c5 51. Ra1 Kd7 52. Ra6 Kc6 53.
f5 c4 54. f6 c3 55. f7 Ne6 56. Kf5 Nf8 57. Kf6 c2 0-1